000 00575nam a2200181Ia 4500
008 100917s9999 xx 000 0 und d
082 _b60940
100 _aजावडेकर मुरलीधर
245 _aप्रीती मिळाले का हो !
260 _bमु. म. जावडेकर
_c1974
300 _a64
365 _b6
520 _aनाटक
630 _aप्रीती मिळाले का हो !
650 _aनाटक
730 _aप्रीती मिळाले का हो !
942 _cBOOK
999 _c666334
_d666331